Biggest Asian Cities by Decade (2050-2100) - Statistics

General Stats
  • This quiz has been taken 28 times
  • The average score is 53 of 60
Answer Stats
Year Rank Population Answer % Correct
2050 1. 56.25M Delhi
100%
2060 1. 64.62M Delhi
100%
2070 1. 72.24M Delhi
100%
2080 1. 78.59M Delhi
100%
2. 83.76M Delhi
100%
2. 88.32M Delhi
100%
4. 40.53M Dhaka
100%
5. 46.88M Dhaka
100%
5. 53.24M Dhaka
100%
4. 59.51M Dhaka
100%
4. 65.73M Dhaka
100%
4. 72.29M Dhaka
100%
10. 27.13M Kolkata
100%
10. 29.57M Kolkata
100%
10. 29.54M Kolkata
100%
10. 28.89M Kolkata
100%
8. 34.87M Mumbai
100%
7. 39.2M Mumbai
100%
7. 42.66M Mumbai
100%
7. 45.05M Mumbai
100%
8. 46.49M Mumbai
100%
8. 47.29M Mumbai
100%
6. 37.11M Tokyo
96%
8. 33.54M Tokyo
96%
9. 30.24M Tokyo
96%
10. 26.4M Beijing
92%
2. 52.16M Jakarta
92%
2. 56.55M Jakarta
92%
3. 58.29M Jakarta
92%
6. 58.33M Jakarta
92%
6. 57.19M Jakarta
92%
7. 56M Jakarta
92%
5. 37.95M Karachi
92%
4. 49.49M Karachi
92%
2. 61.75M Karachi
92%
2. 73.83M Karachi
92%
2090 1. 85.25M Karachi
92%
2100 1. 96.5M Karachi
92%
3. 49.27M Manila
92%
3. 54.5M Manila
92%
4. 56.72M Manila
92%
5. 59M Manila
92%
5. 60.19M Manila
92%
6. 61.45M Manila
92%
7. 35.74M Shanghai
92%
9. 33.32M Shanghai
92%
8. 30.69M Shanghai
92%
9. 31.37M Lahore
81%
6. 40.91M Lahore
81%
6. 51.04M Lahore
81%
3. 61.03M Lahore
81%
3. 70.46M Lahore
81%
3. 79.77M Lahore
81%
10. 29.9M Kabul
65%
8. 40.12M Kabul
65%
7. 50.53M Kabul
65%
5. 61.78M Kabul
65%
9. 32.92M Patna
4%
9. 39.96M Patna
4%
9. 44.66M Patna
4%
No matching quizzes found
Score Distribution
Percent of People with Each Score
Percentile by Number Answered
Your Score History
You have not taken this quiz